Score 0/12 Timer 01:00
0 Plays Today
% Correct
Axe
95.3%
Agree
94.9%
Foe
94.9%
Future
94.6%
Tie
94.4%
Edge
94.4%
Scheme
94.1%
Escape
93.6%
Fee
93.2%
Solve
93.1%
Chronicle
91.9%
Type
89.3%

Today's Daily Dose

Word Ladder
Willie Mays

Get the Picture
October Holidays

Remove Ads.
Support Sporcle.
Get the best of Sporcle when you Go Orange. This ad-free experience offers more features, more stats, and more fun while also helping to support Sporcle. Thank you for becoming a member.

You're not logged in!

Compare scores with friends on all Sporcle quizzes.
OR
Log In

Sporcle TV

Today on Sporcle TV


Watch our educational content, quiz creation guides, and fun videos on Sporcle TV.

Show Comments

Extras

Top Quizzes Today


Score Distribution

Paid Content

Your Account Isn't Verified!

In order to create a playlist on Sporcle, you need to verify the email address you used during registration. Go to your Sporcle Settings to finish the process.

Report this User

Report this user for behavior that violates our Community Guidelines.

Details: